000 00656nam a2200205Ia 4500
003 GCL
008 140319s9999 xx 000 0 ara d
040 _aGCL /
_cGCL
082 0 4 _a355.02927
_bج ف
100 1 _aجمال محفوظ
245 1 0 _aفن الحرب عند العرب فى الجاهلية والاسلام /
_cجمال محفوظ
300 _a116 ص
490 _aموسوعة الحضارة العربية الاسلامية
_v0
650 0 4 _aالتاريخ الاسلامى
650 0 4 _aالعلوم العسكرية
650 0 4 _aالقتال
650 0 4 _aالحرب
650 0 4 _aالتاريخ العربى
942 _2ddc
_cBK
999 _c48173
_d48173